Loading...
| Literature - Long Fiction | 1 | 5 | 0 | 0 | 65 | 62 | 112.67 | 2 | 3 | 0.00 | 0.00 |
| Literature - Poetry | 0 | 5 | 1 | 1 | 45 | 80 | 119.00 | 1 | 3 | 0.00 | 0.00 |
| Science - Other | 0 | 4 | 1 | 2 | 35 | 130 | 141.25 | 0 | 2 | 0.00 | 0.00 |
| Literature - Drama | 0 | 3 | 1 | 0 | 25 | 110 | 124.67 | 0 | 1 | 0.00 | 0.00 |
| Philosophy | 0 | 2 | 0 | 0 | 20 | 85 | 102.00 | 0 | 1 | 0.00 | 0.00 |
| Social Science | 0 | 2 | 0 | 2 | 20 | 131 | 132.00 | 0 | 1 | 0.00 | 0.00 |
| Other Academic | 0 | 2 | 0 | 1 | 20 | 94 | 115.00 | 0 | 1 | 0.00 | 0.00 |
| Short Fiction and Other | 0 | 2 | 0 | 2 | 20 | 147 | 148.50 | 0 | 0 | 0.00 | 0.00 |
| Mythology | 0 | 1 | 0 | 0 | 10 | 133 | 133.00 | 0 | 0 | 0.00 | 0.00 |
| History - World | 0 | 1 | 0 | 0 | 10 | 70 | 70.00 | 0 | 1 | 0.00 | 0.00 |
| Literature - Misc | 0 | 1 | 0 | 0 | 10 | 124 | 124.00 | 0 | 0 | 0.00 | 0.00 |
| Literature - Short Fiction | 0 | 1 | 0 | 0 | 10 | 143 | 143.00 | 0 | 0 | 0.00 | 0.00 |
| Science - Math | 0 | 1 | 0 | 0 | 10 | 96 | 96.00 | 1 | 1 | 0.00 | 0.00 |
| Science - Chemistry | 0 | 1 | 1 | 0 | 5 | 115 | 115.00 | 0 | 1 | 0.00 | 0.00 |
| Fine Arts - Other | 0 | 0 | 0 | 0 | 0 | 0.00 | 0 | 0 | 0.00 | 0.00 | |
| Geography | 0 | 0 | 1 | 0 | -5 | 0.00 | 0 | 0 | 0.00 | 0.00 |